Účtovné zobrazenie rezerv

Vymedzenie členenia rezerv z rôznych hľadísk. Definovanie a druhy rezerv. Účtovné zobrazenie a vykazovanie rezerv z pohľadu slovenskej právnej úpravy.

Salvato in:
Dettagli Bibliografici
Autore principale: Stanley, Renáta, 1981-
Natura: Capitolo di libro
Lingua:slovacco
Soggetti:
Tags: Aggiungi Tag
Nessun Tag, puoi essere il primo ad aggiungerne!!

MARC

LEADER 00000naa$a2200000$$$4500
001 0184743
005 20240502073152.5
041 0 |a slo 
044 |a SK 
245 1 0 |a Účtovné zobrazenie rezerv  |c Renáta Stanley 
520 |a Vymedzenie členenia rezerv z rôznych hľadísk. Definovanie a druhy rezerv. Účtovné zobrazenie a vykazovanie rezerv z pohľadu slovenskej právnej úpravy. 
610 2 0 |a účtovanie 
610 2 0 |a rezervy 
610 2 0 |a záväzky 
610 2 0 |a prípady účtovné 
610 2 0 |a metódy účtovné 
610 2 0 |a postupy účtovné 
610 2 0 |a závierka účtovná 
100 1 |a Stanley, Renáta, 1981-